Normal view
MARC view
- بوطرة، فضيلة
Entry Personal Name
001 - CONTROL NUMBER
- control field: 66261
003 - CONTROL NUMBER IDENTIFIER
- control field: JO-AjAnu
005 - DATE AND TIME OF LATEST TRANSACTION
- control field: 20241019084436.0
008 - FIXED-LENGTH DATA ELEMENTS
- fixed length control field: 241019|| aca||aabn | a|a d
040 ## - CATALOGING SOURCE
- Original cataloging agency: JO-AjAnu
100 ## - HEADING--PERSONAL NAME
- Personal name: بوطرة، فضيلة